000 00486nam a22001697a 4500
003 OSt
005 20260316163157.0
008 260316b |||||||| |||| 00| 0 eng d
040 _aKenya National Library Service
082 _a365.39676205 KEN
245 _aThe Kenya Prisons annual reports 1928
300 _a42 pages :
_billustrations ;
_c24 cm.
650 _aPrisons-Kenya
942 _2ddc
_cBK
_n0
999 _c491503
_d491503